[Event "Vasteras Open 2018"]
[Site "Vasteras SWE"]
[Date "2018.09.28"]
[Round "2.14"]
[White "Kucuksari,Kaan"]
[Black "Fernandez,Juan SWE"]
[Result "1-0"]
[WhiteElo "2327"]
[BlackElo "2034"]

1.d4 Nf6 2.Nf3 e6 3.c4 c5 4.d5 exd5 5.cxd5 d6 6.Nc3 g6 7.Bf4 Bg7 8.Qa4+ Nbd7
9.Bxd6 Qb6 10.Nb5 a6 11.e3 c4 12.Nc7+ Kd8 13.Ng5 Qxd6 14.Nxf7+ Kxc7 15.Nxd6 Kxd6
16.Qb4+ Kc7 17.Bxc4 Bf8 18.Qc3 Kd8 19.O-O Bd6 20.Bb3 Re8 21.h3 b6 22.Qc6 Bc7
23.Qxa8 Nb8 24.d6 Bxd6 25.Rfd1  1-0

[Event "TCh-BEL 2018-19"]
[Site "Belgium BEL"]
[Date "2018.09.30"]
[Round "1.6"]
[White "Dimic,P"]
[Black "Tjiam,D"]
[Result "1/2-1/2"]
[WhiteElo "2343"]
[BlackElo "2375"]

1.d4 Nf6 2.Nf3 e6 3.c4 c5 4.d5 d6 5.Nc3 exd5 6.cxd5 g6 7.Bf4 Bg7 8.Qa4+ Bd7
9.Qb3 Qc7 10.e4 O-O 11.Nd2 Nh5 12.Be3 a6 13.Be2 b5 14.a4 b4 15.Ncb1 Nf6 16.f3 a5
17.Nc4 Bc8 18.Nbd2 Ba6 19.O-O Nbd7 20.Bf4 Ne8 21.Rfe1 Bxc4 22.Nxc4 Nb6 23.Kh1 Nxc4
24.Bxc4 Qe7 25.Bg3 Bd4 26.e5 Ra7 27.Bb5 dxe5 28.Bxe5 Qd8 29.Bxd4 cxd4 30.Qc4 Rc7
31.Qxd4 Nd6 32.Bc6 Re7 33.Qc5 Rxe1+ 34.Rxe1 Nf5 35.Rd1 Qh4 36.Kg1 Rd8 37.Qf2 Qf4
38.Re1 Kg7 39.g3 Qc4 40.Kg2 h5 41.Qe2 Qxe2+ 42.Rxe2 Nd4 43.Re5 Rd6 44.Bb7 Rd7
45.Re4 Nb3 46.Bc6 Rd8 47.Kf2 Nc5 48.Rc4 Nd3+ 49.Ke2 Nxb2 50.Rc2 Nxa4 51.Bxa4 Rxd5
52.Rc7 Re5+ 53.Kf2 Rd5 54.Ke3 Re5+ 55.Kd4 Re2 56.Rc2 Re1 57.Kc5 Ra1 58.Kb5 Ra3
59.Kxa5 b3 60.Rb2 Ra2 61.Rxb3 Rxh2 62.f4 h4 63.gxh4 Rxh4 64.Rf3 f5 65.Kb5 Kf6
66.Bc2 Rg4 67.Kc5 g5 68.fxg5+ Rxg5 69.Kd5 Rh5 70.Kd4 Rg5 71.Bd3 Rh5 72.Bc2 Rg5
73.Rc3 Rg4+ 74.Kd5 Rg2 75.Bb1 Rd2+ 76.Rd3  1/2-1/2

[Event "TCh-BEL 2018-19"]
[Site "Belgium BEL"]
[Date "2018.09.30"]
[Round "1.3"]
[White "Beukema,Jasper"]
[Black "Zelbel,P"]
[Result "0-1"]
[WhiteElo "2262"]
[BlackElo "2434"]

1.d4 Nf6 2.c4 e6 3.Nf3 c5 4.d5 exd5 5.cxd5 d6 6.Nc3 g6 7.e4 a6 8.a4 Bg4 9.Be2 Bg7
10.O-O O-O 11.h3 Bxf3 12.Bxf3 Nbd7 13.g3 Rb8 14.a5 Ne8 15.Re1 b5 16.axb6 Rxb6
17.Qe2 Nc7 18.Bg2 Re8 19.Qc2 Qb8 20.Na4 Rb7 21.Bf4 Nb5 22.Ra2 Nd4 23.Qd2 Rb4
24.Nc3 a5 25.Qd1 Qc7 26.Bd2 Nb3 27.Be3 Ne5 28.Bf1 Reb8 29.f4 Nd7 30.Qc2 Nd4
31.Qf2 f5 32.Bd3 fxe4 33.Bxe4 Nb5 34.Qc2 Nd4 35.Qf2 Nf6 36.Bg2 Nf5 37.Bc1 Nh5
38.Ne2 Nhxg3 39.Nxg3 Bd4 40.Be3 Nxe3 41.Rxe3 Rxb2 42.Rxb2 Rxb2 43.Qe1 Rb3
44.Nf1 Qe7 45.Kf2 Qh4+  0-1

[Event "Oslo Open 2018"]
[Site "Oslo NOR"]
[Date "2018.10.01"]
[Round "2.17"]
[White "Smeby,O"]
[Black "Salles,L"]
[Result "0-1"]
[WhiteElo "1998"]
[BlackElo "2247"]

1.d4 Nf6 2.c4 c5 3.d5 e6 4.Nc3 exd5 5.cxd5 d6 6.Nf3 g6 7.Nd2 Bg7 8.g3 O-O
9.Bg2 a6 10.a4 Nbd7 11.Nc4 Nb6 12.Ne3 Ng4 13.Qb3 Nxe3 14.Bxe3 Nd7 15.O-O Rb8
16.h3 f5 17.Bd2 b5 18.axb5 axb5 19.e4 Ne5 20.Nd1 fxe4 21.Ba5 Qf6 22.Bc3 Qg5
23.Ra7 b4 24.h4 Qh5 25.Bxe5 Qxe5 26.Re1 Rb7 27.Ra8 Bf5 28.Rxf8+ Kxf8 29.g4 Bxg4
30.Rxe4 Bxd1 31.Qxd1 Qxb2 32.Qg4 Rb8 33.Rf4+ Kg8 34.Qe6+ Kh8 35.Qxd6 Qe5
36.Qxe5 Bxe5 37.Rc4 Bd4 38.Rc1 Rf8 39.Rf1 b3 40.d6 Rd8 41.Be4 Rxd6 42.Kg2 c4
43.Rb1 Bf6 44.Kg3 b2 45.Kg4 c3 46.h5 Rd4 47.Kf3 Rxe4  0-1

[Event "Oslo Open 2018"]
[Site "Oslo NOR"]
[Date "2018.10.02"]
[Round "3.11"]
[White "Skotheim,Andreas"]
[Black "Sriram,J"]
[Result "0-1"]
[WhiteElo "2160"]
[BlackElo "2402"]

1.d4 Nf6 2.c4 e6 3.Nc3 c5 4.d5 exd5 5.cxd5 d6 6.Nf3 g6 7.h3 Bg7 8.Bf4 O-O
9.e3 Na6 10.Nd2 Nc7 11.Nc4 b5 12.Nxd6 b4 13.Nce4 Ncxd5 14.Nxf6+ Qxf6 15.Nc4 Nxf4
16.exf4 Bb7 17.Qg4 Rfe8+ 18.Be2 h5 19.Qg3 Qd4 20.Ne3 Qxb2 21.Rd1 Rad8 22.f5 Rxd1+
23.Bxd1 Ba6  0-1

[Event "Oslo Open 2018"]
[Site "Oslo NOR"]
[Date "2018.10.04"]
[Round "7.9"]
[White "Rishovd,Svein"]
[Black "Salles,L"]
[Result "1-0"]
[WhiteElo "2054"]
[BlackElo "2247"]

1.d4 Nf6 2.c4 c5 3.d5 e6 4.Nc3 exd5 5.cxd5 d6 6.Nf3 g6 7.Bf4 a6 8.a4 Bg7
9.h3 O-O 10.e3 Re8 11.Nd2 Nbd7 12.Be2 Ne5 13.Bh2 g5 14.O-O h6 15.Qc2 g4 16.f4 gxf3
17.Nxf3 Ng6 18.Bd3 Nf8 19.Rae1 Bd7 20.e4 Ng6 21.e5 Nxe5 22.Nxe5 dxe5 23.Bxe5 c4
24.Bxc4 Qb6+ 25.Kh1 Rxe5 26.Rxe5 Ng4 27.hxg4 Bxe5 28.d6 Be6 29.Bxe6 fxe6
30.Qg6+ Bg7 31.Rf7 Qd4 32.Ne4 Rf8 33.Nf6+ Qxf6 34.Rxf6 Rxf6 35.Qe8+ Kh7 36.g3 h5
37.d7  1-0

[Event "2nd Guimaraes Chess Open"]
[Site "Guimaraes POR"]
[Date "2018.10.06"]
[Round "5.25"]
[White "Marques,Ricardo Taborda Trigo"]
[Black "Melo,D"]
[Result "1-0"]
[WhiteElo "1881"]
[BlackElo "1590"]

1.d4 Nf6 2.c4 e6 3.Nf3 c5 4.d5 exd5 5.cxd5 d6 6.Nc3 g6 7.e4 Bg7 8.h3 O-O
9.Bd3 a6 10.a4 Nfd7 11.O-O Ne5 12.Nxe5 Bxe5 13.f4 Bd4+ 14.Kh1 f5 15.Ne2 Bg7
16.Ng3 Qh4 17.Qf3 a5 18.exf5 gxf5 19.Rb1 Bd7 20.Bd2 Qd8 21.Qh5 Qf6 22.Bc3 Qg6
23.Bxg7 Kxg7 24.Qh4 Na6 25.Bxa6 bxa6 26.Rf3 Bxa4 27.Nh5+ Kh8 28.Rg3 Qh6 29.Rg5 Bc2
30.Rc1 Be4 31.Qe1 Rf6 32.Qc3 Rf8 33.Re1 Rf7 34.Rxe4 fxe4 35.Rf5 Qg6 36.Rxf6 Rxf6
37.Nxf6 e3 38.Ng4+ Kg8 39.Nxe3 Qg3 40.Nf5 Qxc3 41.bxc3 a4 42.Ne3 a3 43.Nc2 a2
44.g4 Kf7 45.Kg2 Ke7  1-0

[Event "2nd Guimaraes Chess Open"]
[Site "Guimaraes POR"]
[Date "2018.10.06"]
[Round "5.10"]
[White "Fernandes,Miguel A. Murtinho"]
[Black "Veiga,Jose Francisco R P Neves"]
[Result "0-1"]
[WhiteElo "2048"]
[BlackElo "2272"]

1.d4 Nf6 2.c4 c5 3.d5 e6 4.Nc3 exd5 5.cxd5 d6 6.Nf3 g6 7.Nd2 Nbd7 8.e4 Bg7
9.Be2 a6 10.a4 O-O 11.O-O Re8 12.Qc2 Rb8 13.a5 Qe7 14.h3 g5 15.Nc4 h6 16.Ra3 Ne5
17.Nb6 Ng6 18.Nxc8 Rbxc8 19.Ra4 Nd7 20.Bg4 Rb8 21.Bxd7 Qxd7 22.Ne2 b5 23.axb6 Rxb6
24.b3 Reb8 25.Ng3 Rxb3 26.Rxa6 Rxg3 27.fxg3 Bd4+ 28.Rf2 Qb5 29.Rxd6 Qb1 30.Rxg6+ fxg6
31.Qc4 Rf8 32.d6+ Kg7 33.Kh2 Bxf2 34.Qe6 Qxc1  0-1

[Event "Dutch League 2018-19"]
[Site "Netherlands NED"]
[Date "2018.10.06"]
[Round "2.9"]
[White "Van der Lende,I"]
[Black "Wiersma,E"]
[Result "1/2-1/2"]
[WhiteElo "2331"]
[BlackElo "2336"]

1.d4 Nf6 2.Nf3 c5 3.d5 e6 4.c4 exd5 5.cxd5 d6 6.Nc3 g6 7.Bf4 a6 8.a4 Bg7
9.h3 O-O 10.e3 Re8 11.Nd2 Nfd7 12.Be2 Ne5 13.Bh2 f5 14.O-O Nbd7 15.e4 Nf6
16.f4 Nf7 17.exf5 gxf5 18.Bd3 Bd7 19.a5 b5 20.axb6 Qxb6 21.Nc4 Qb7 22.Qf3 Qb4
23.Kh1 Ne4 24.Rfc1 Bb5 25.Na2 Qb3 26.Bxe4 Bxc4 27.Rxc4 Qxb2 28.Rf1 Rxe4 29.Rxe4 fxe4
30.Qxe4 Qxa2 31.f5 Bf6 32.Qe6 Kg7 33.Bf4 Qa4 34.Rf3 h6 35.Bxh6+ Nxh6 36.Rg3+ Kh7
37.Qxf6 Rg8 38.Qe7+ Kh8 39.Qf6+ Kh7 40.Rxg8 Nxg8 41.Qxd6 c4 42.Qc7+ Kh6 43.Qf4+ Kh7
44.Qh4+ Kg7 45.Qd4+ Kf7 46.Qe4 Qa1+ 47.Kh2 Qf6 48.Qxc4 Qd6+ 49.g3 Ne7 50.Qg4 Kf6
51.h4 Nxf5 52.Qg5+ Ke5 53.Qf4+  1/2-1/2

[Event "2nd Guimaraes Chess Open"]
[Site "Guimaraes POR"]
[Date "2018.10.07"]
[Round "6.6"]
[White "Fidalgo,Andre Neves"]
[Black "Medarde Santiago,L"]
[Result "1/2-1/2"]
[WhiteElo "2181"]
[BlackElo "2384"]

1.d4 Nf6 2.c4 c5 3.d5 e6 4.Nc3 exd5 5.cxd5 d6 6.Nf3 g6 7.g3 Bg7 8.Bg2 O-O
9.O-O Re8 10.Bf4 Na6 11.Re1 Bg4 12.h3 Bxf3 13.Bxf3 Nd7 14.e4 Qe7 15.Qd2 Rab8
16.a4 Nb4 17.Be2 a6 18.Bg5 Qf8 19.Kg2 Rbc8 20.Bg4 Rc7 21.Bxd7 Rxd7 22.a5 h6
23.Be3 Kh7 24.Rad1 f5 25.exf5 Qxf5 26.Bd4 cxd4 27.Rxe8 dxc3 28.bxc3 Nc2 29.Qe2 Na3
30.c4 Be5 31.Rd3 Nb1 32.f4 Bg7 33.Qc2 Nc3 34.Rxc3 Bxc3 35.Qxc3 Rg7 36.Re3 Rc7
37.Qb2 h5 38.Qe2 Kh6 39.Re6 h4 40.Qe4  1/2-1/2

[Event "FSGM October 2018"]
[Site "Budapest HUN"]
[Date "2018.10.08"]
[Round "3.3"]
[White "Tran,Minh Thang"]
[Black "Shahaliyev,Ismayil"]
[Result "0-1"]
[WhiteElo "2341"]
[BlackElo "2376"]

1.d4 e6 2.c4 Nf6 3.Nc3 c5 4.d5 exd5 5.cxd5 d6 6.Nf3 g6 7.Bf4 a6 8.a4 Bg7
9.h3 O-O 10.e3 Ne8 11.Be2 Nd7 12.O-O Qe7 13.Nd2 Ne5 14.Bh2 b6 15.e4 Rb8 16.Qc2 Nc7
17.f4 Nd7 18.Nc4 b5 19.Na5 Bb7 20.Bf3 bxa4 21.e5 Nb5 22.Nxb5 axb5 23.Rad1 Nb6
24.Rfe1 f5 25.exd6 Bd4+ 26.Kh1 Qxd6 27.Re6 Qd8 28.Nc6 Bxc6 29.dxc6 Nd5 30.Bg1 Nc7
31.Re2 Qd6 32.Red2 Ne6 33.b4 axb3 34.Qxb3 Kg7 35.Bd5 Bxg1 36.Kxg1 Nd4 37.Qc3 Qxd5
38.c7 Rbc8 39.Rxd4 cxd4 40.Rxd4 b4 41.Rxb4+ Kg8  0-1

[Event "Narcis 7 GM 2018"]
[Site "Divcibare SRB"]
[Date "2018.10.08"]
[Round "9.5"]
[White "Prraneeth,Vuppala"]
[Black "Savic,Miod1"]
[Result "1/2-1/2"]
[WhiteElo "2281"]
[BlackElo "2506"]

1.d4 Nf6 2.c4 c5 3.d5 e6 4.Nc3 exd5 5.cxd5 d6 6.Nf3 g6 7.Nd2 Bg7 8.e4 O-O
9.Be2 Re8 10.O-O a6  1/2-1/2

[Event "TCh-RUS w Rapid 2018"]
[Site "Sochi RUS"]
[Date "2018.10.09"]
[Round "9.3"]
[White "Gunina,V"]
[Black "Gritsayeva,O"]
[Result "1-0"]
[WhiteElo "2525"]
[BlackElo "2378"]

1.d4 Nf6 2.c4 e6 3.Nf3 c5 4.d5 exd5 5.cxd5 d6 6.Nc3 g6 7.Bf4 Bg7 8.h3 O-O
9.e3 a6 10.a4 Qe7 11.Be2 Nbd7 12.O-O Ne8 13.Nd2 Rb8 14.a5 b5 15.axb6 Rxb6
16.Ra2 Ne5 17.Bh2 f5 18.Qa1 Nc7 19.Re1 Nb5 20.Nxb5 axb5 21.Ra7 Rb7 22.Ra8 Bd7
23.Rxf8+ Qxf8 24.f4 Nf7 25.Bf3 Qb8 26.e4 fxe4 27.Nxe4 Qa7 28.Qb1 Qa4 29.b3 Qd4+
30.Kh1 Ra7 31.Bg3 Ra1 32.Qxa1 Qxa1 33.Rxa1 Bxa1 34.Bh4 Bf5 35.Kg1 Kg7 36.Kf2 h6
37.Ke2 Bxe4 38.Bxe4 g5 39.fxg5 hxg5 40.Be1 Kf6 41.h4 gxh4 42.Bxh4+ Ke5 43.Bd3 Kxd5
44.Bxb5 Ke4 45.Be7 Be5 46.Bc4 d5 47.Bd3+ Kd4 48.Bg6 Nd6 49.Kd2 Bf4+ 50.Kc2 Ke3
51.g4 Kd4 52.g5 Ke5 53.Bh7 Ke6 54.g6 Be5 55.Bf8 Kf6 56.g7  1-0

[Event "15th Calvia Amateur Open"]
[Site "Calvia ESP"]
[Date "2018.10.13"]
[Round "8.16"]
[White "Aguado Doncel,Pablo Luis"]
[Black "Zielinski,We"]
[Result "1-0"]
[WhiteElo "1839"]
[BlackElo "2074"]

1.d4 Nf6 2.c4 c5 3.d5 e6 4.Nc3 exd5 5.cxd5 d6 6.Nf3 g6 7.Nd2 Nbd7 8.e4 Bg7
9.Be2 O-O 10.O-O Re8 11.Re1 a6 12.a4 b6 13.h3 Qc7 14.Qc2 Rb8 15.b3 h6 16.Bb2 Nh7
17.Kh1 g5 18.Nd1 Ne5 19.Ne3 b5 20.axb5 axb5 21.Nf3 Nf8 22.Nxe5 Bxe5 23.Bxe5 Rxe5
24.Bg4 Kg7 25.Bxc8 Rxc8 26.Nf5+ Kh7 27.Ra6 Rd8 28.Rea1 Kg6 29.Ra7 Qb8 30.Ne7+ Kg7
31.Nc6 Qc8 32.Ra8 Qxa8 33.Rxa8 Rxa8 34.Nxe5 dxe5 35.Qxc5 Ng6 36.Qxb5 Ra1+
37.Kh2 Rd1 38.Qc6 Rd2 39.d6 Nf4 40.d7 Ne6 41.Qc8 Kf6 42.b4  1-0

[Event "40th Arco Open 2018"]
[Site "Arco ITA"]
[Date "2018.10.15"]
[Round "3.8"]
[White "Goerg,Joachim"]
[Black "Vezzosi,P"]
[Result "1/2-1/2"]
[WhiteElo "2154"]
[BlackElo "2298"]

1.d4 Nf6 2.c4 e6 3.Nf3 c5 4.d5 exd5 5.cxd5 d6 6.Nc3 a6 7.a4 g6 8.e4 Bg7 9.h3 O-O
10.Bd3 Qc7 11.O-O Nbd7 12.Bf4 Nh5 13.Bh2 Bh6 14.Re1 Bf4 15.g3 Bh6 16.g4 Nf4
17.Bf1 f6 18.Ne2 Nxe2+ 19.Bxe2 Ne5 20.Nd2 Bd7 21.f4 Nf7 22.Qc2 b5 23.b3 Qb6
24.Kg2 Bg7 25.Ra2 Rab8 26.Rb1 Rfc8 27.axb5 axb5 28.Qc3 Qd8 29.Qd3 Qe8 30.Bg3 f5
31.exf5 gxf5 32.Re1 Ra8 33.Rxa8 Rxa8 34.Bf3 Qc8 35.g5 Ra1 36.Rxa1 Bxa1 37.h4 Qe8
38.Bf2 Nd8 39.Nf1 Qf8 40.Ng3 Nb7 41.Qb1 Bc3 42.Qd3 Bh8 43.Bd1 Na5 44.Qd2 b4
45.Qd3 Qc8 46.Bc2 Bg7 47.Kh2  1/2-1/2

[Event "SCO National Chess Open"]
[Site "Xingtai CHN"]
[Date "2018.10.15"]
[Round "2.5"]
[White "Li,Di"]
[Black "Chu Wei Chao"]
[Result "1-0"]
[WhiteElo "2467"]
[BlackElo "2393"]

1.d4 Nf6 2.c4 c5 3.d5 e6 4.Nc3 exd5 5.cxd5 d6 6.Nf3 g6 7.g3 Bg7 8.Bg2 O-O
9.O-O Na6 10.a4 Nb4 11.Nd2 b6 12.Nc4 Ba6 13.Nb5 Bxb5 14.axb5 Qd7 15.Bf4 Qxb5
16.Nxd6 Qd7 17.Nc4 Nfxd5 18.Bd6 Qe6 19.Bxf8 Rxf8 20.Rxa7 b5 21.Na3 Qb6 22.Nxb5 Qxb5
23.Bxd5 Nxd5 24.Qxd5 Qxe2 25.b3 Bd4 26.Rd7 Qd2 27.Kg2 Qc3 28.h4 h5 29.Rb7 Kg7
30.Qf3 Qxf3+ 31.Kxf3 Re8 32.Rd1 Re6 33.Rd2 Rf6+ 34.Kg2 Ra6 35.Re2 Bf6 36.Kf3 Kf8
37.Rc2 Bd4 38.Ke4 Rf6 39.f4 Re6+ 40.Kd5 Bg1 41.Rg2 Re1 42.Ra2 Rd1+ 43.Kc6 Re1
44.Rd7 Re6+ 45.Kb5 Kg7 46.Rd1 Be3 47.Re2 Kf6 48.Rd5 Ke7 49.f5  1-0

[Event "SCO National Chess Open"]
[Site "Xingtai CHN"]
[Date "2018.10.20"]
[Round "7.23"]
[White "Yang,Yijing"]
[Black "Ma,Lin"]
[Result "1/2-1/2"]
[WhiteElo "2071"]
[BlackElo "2001"]

1.d4 Nf6 2.c4 c5 3.d5 e6 4.Nc3 exd5 5.cxd5 d6 6.Nf3 g6 7.Bf4 a6 8.e4 b5 9.Qe2 Nh5
10.Bg5 Be7 11.Bh6 Bf8 12.Bg5 Be7 13.Bh6 Bf8 14.Bg5 Be7 15.Bh6 Bf8 16.Bg5 Be7
17.Bh6 Bf8  1/2-1/2

[Event "TCh-CZE 1 Liga Zapad"]
[Site "Czech Republic CZE"]
[Date "2018.10.21"]
[Round "1.5"]
[White "Jelinek,Michal"]
[Black "Burdalev,K"]
[Result "0-1"]
[WhiteElo "2080"]
[BlackElo "2356"]

1.d4 Nf6 2.c4 c5 3.d5 e6 4.Nc3 exd5 5.cxd5 d6 6.Nf3 g6 7.e4 a6 8.Bg5 Bg7
9.Nd2 b5 10.Be2 O-O 11.Qc2 Re8 12.O-O h6 13.Bh4 g5 14.Bg3 b4 15.Nd1 Nxd5
16.exd5 Rxe2 17.Qd3 Re8 18.Nc4 Bf8 19.f4 g4 20.f5 Nd7 21.Nf2 Nf6 22.Bh4 Be7
23.Rae1 h5 24.Bxf6 Bxf6 25.Ne4 Bd4+ 26.Kh1 f6 27.Qg3 Ra7 28.Qxd6 Qxd6 29.Nexd6 Rd8
30.Nxc8 Rxc8 31.Re6 Rd8 32.d6 Rad7 33.Rfe1 Be5 34.Rd1 Bd4 35.g3 Kg7 36.Kg2 Kh6
37.Rf1 Kg5 38.Rf4 Kh6 39.Rf1 Kg5 40.Rf4 Kh6 41.Kf1 Kg7 42.Ke2 Be5 43.Rf1 Bxd6
44.Rd1 Bf8 45.Rxd7+ Rxd7 46.Rxa6 Rd4 47.Ne3 Kf7 48.Ra7+ Kg8 49.Ra8 Kf7 50.Ra7+ Be7
51.Ng2 Rd8 52.Ne3 Rd4 53.Ng2 Ke8 54.Ra8+ Kd7 55.Rh8 c4 56.Rxh5 c3 57.bxc3 bxc3
58.Ne3 Bc5 59.Rh7+ Kd6  0-1

[Event "World Youth Open U18 2018"]
[Site "Porto Carras GRE"]
[Date "2018.10.22"]
[Round "4.1"]
[White "Janik,Igor"]
[Black "Gazik,Viktor"]
[Result "1-0"]
[WhiteElo "2453"]
[BlackElo "2486"]

1.d4 Nf6 2.c4 c5 3.d5 e6 4.Nf3 d6 5.Nc3 exd5 6.cxd5 g6 7.g3 Bg7 8.Bg2 O-O
9.O-O Na6 10.Nd2 Nc7 11.a4 b6 12.Nc4 Ba6 13.Qb3 Qd7 14.Bf4 Nh5 15.Bd2 f5
16.Bf3 Nf6 17.Bf4 Bxc4 18.Qxc4 a6 19.Qd3 b5 20.b3 b4 21.Nd1 Ne4 22.Rc1 Rae8
23.Rc4 Qe7 24.h4 Na8 25.Rc2 Nb6 26.Qxa6 Nxd5 27.Bxd6 Qe6 28.Bxe4 fxe4 29.Rxc5 e3
30.Qc4 exf2+ 31.Kg2 Rf5 32.g4 Nf4+ 33.Bxf4 Rxc5 34.Qxc5 Qxg4+ 35.Bg3 Qe4+
36.Kh2 Qxe2 37.Qxf2 Qe6 38.Re1  1-0

[Event "Max Zavanelli Mem Open"]
[Site "Vilnius LTU"]
[Date "2018.10.24"]
[Round "4.2"]
[White "Laurusas,T"]
[Black "Lahav,Michal"]
[Result "1-0"]
[WhiteElo "2484"]
[BlackElo "2151"]

1.d4 Nf6 2.c4 c5 3.d5 e6 4.Nc3 exd5 5.cxd5 d6 6.Nf3 g6 7.Nd2 Bg7 8.e4 O-O
9.Be2 Re8 10.O-O Na6 11.Re1 Nc7 12.Qc2 b5 13.a4 b4 14.Nd1 Ng4 15.Bxg4 Bxg4
16.Ne3 Bc8 17.Ndc4 f5 18.exf5 Bxf5 19.Qb3 Bd4 20.Bd2 Qf6 21.Nxf5 Qxf5 22.Be3 Bxe3
23.Nxe3 Qf4 24.g3 Qf3 25.Qd1 Qxd1 26.Raxd1 Re5 27.Re2 Rae8 28.Rc2 Rd8 29.Kf1 Rf8
30.Kg2 Rd8 31.b3 Kf7 32.Rc4 Ke8 33.Rf4 Re7 34.h4 Rf7 35.Rg4 Kd7 36.h5 Rdf8
37.f4 gxh5 38.Rh4 Re7 39.Rd3 Rxe3 40.Rxe3 Nxd5 41.Re1 Nf6 42.f5 Re8 43.Rxe8 Kxe8
44.Kf3 d5 45.Kf4 Kf7 46.a5 c4 47.bxc4 b3 48.c5 Ne4 49.c6 Ke7 50.Ke5 b2 51.Rh1 Nd2
52.f6+  1-0

[Event "Max Zavanelli Mem Open"]
[Site "Vilnius LTU"]
[Date "2018.10.25"]
[Round "6.10"]
[White "Stauskas,Lukas"]
[Black "Lahav,Michal"]
[Result "1-0"]
[WhiteElo "2304"]
[BlackElo "2151"]

1.d4 Nf6 2.c4 c5 3.d5 e6 4.Nc3 exd5 5.cxd5 d6 6.Nf3 g6 7.Bg5 Bg7 8.Nd2 h6
9.Bh4 a6 10.a4 g5 11.Bg3 Nh5 12.Nc4 Nxg3 13.hxg3 Bf5 14.e3 O-O 15.Bd3 Bxd3
16.Qxd3 Nd7 17.a5 Qe7 18.Qf5 Rfe8 19.O-O Rad8 20.Rab1 Qf6 21.Qxf6 Nxf6 22.f3 Re7
23.g4 Ne8 24.Ne4 Be5 25.b4 cxb4 26.Rxb4 Nc7 27.Rxb7 Nxd5 28.Rxe7 Nxe7 29.Nxe5 dxe5
30.Rb1 Rc8 31.Rb7 Kf8 32.Ra7 Rc6 33.Ra8+ Nc8 34.Nf6 Rxf6 35.Rxc8+ Ke7 36.Ra8 Rd6
37.Ra7+ Kf6 38.Kf2 Ke6 39.Ke2 Kf6 40.e4 Ke6 41.Ke3 Kf6 42.g3 Ke6 43.f4 Rc6
44.f5+ Kf6 45.Rb7 Rd6 46.Ke2 Rd4 47.Rb6+ Ke7 48.Rxh6 Rd6 49.Rh5 Rd4 50.Ke3 Ra4
51.Rxg5 Rxa5 52.Rg8 Ra3+ 53.Kf2 Ra2+ 54.Kf3 Ra3+ 55.Kg2 Re3 56.Ra8 Rxe4 57.Kf3 Ra4
58.g5 e4+ 59.Ke3 Ra3+ 60.Kxe4 Rxg3 61.Ra7+ Kf8 62.Ke5 Rb3 63.Rxa6 Kg7 64.Ra7 Rb5+
65.Kf4 Rb4+ 66.Kg3 Kg8 67.Rc7 Ra4 68.Kf3 Rb4 69.Re7 Ra4 70.Re4 Ra3+ 71.Kg4 Ra1
72.Re7 Rg1+ 73.Kf4 Ra1 74.Rd7 Re1 75.Rd8+ Kh7 76.Rc8 Rg1 77.Rc7 Kg8 78.Ke5 Rxg5
79.Kf6 Rg1 80.Rc8+ Kh7 81.Kxf7 Ra1 82.Rc7 Kh8 83.f6 Re1 84.Rc2 Rh1 85.Rg2 Rh3
86.Ke7 Re3+ 87.Kf8 Kh7 88.f7 Rf3 89.Rh2+ Kg6 90.Kg8  1-0

[Event "ch-UKR Semi-Final 2018"]
[Site "Omelnyk UKR"]
[Date "2018.10.27"]
[Round "2.4"]
[White "Bogdanovich,S"]
[Black "Kutsanyan,Andranik"]
[Result "1-0"]
[WhiteElo "2523"]
[BlackElo "2252"]

1.d4 Nf6 2.c4 c5 3.d5 e6 4.Nc3 exd5 5.cxd5 d6 6.Nf3 g6 7.Nd2 b6 8.Nc4 Ba6
9.e4 Bxc4 10.Bxc4 Bg7 11.Bg5 O-O 12.f4 Qc8 13.O-O Ng4 14.f5 Bd4+ 15.Kh1 Nf2+
16.Rxf2 Bxf2 17.Nb5 Bd4 18.Be7 Re8 19.f6 Be5 20.Qd2 Rxe7 21.fxe7 Nd7 22.Rf1 a6
23.Qf2 f6 24.e8=R+ Qxe8 25.Nc7 Qc8 26.Nxa8 Qxa8 27.a4 Kg7 28.Qe2 a5 29.Bb5 Qd8
30.Qg4 Nf8 31.b3 Bd4 32.Re1 Bf2 33.Re2 Bd4 34.Re1 Bf2 35.Re2 Bd4 36.g3 Be5
37.Kg2 Bd4 38.Kf1 Be5 39.Kg2 Bd4 40.Kf1 Be5 41.h4 Qe7 42.h5 Bd4 43.hxg6 hxg6
44.Qc8 Nh7 45.Rh2 Nf8 46.Re2 Nh7 47.Rh2 Nf8 48.Qg4 Qe5 49.Qf4 Bc3 50.Ke2 Ba1
51.Kf1 Bc3 52.Be2 Qd4 53.Qxd6 Qd2 54.Qe7+ Kg8 55.Bc4 Qd1+ 56.Kg2 Qd2+ 57.Kh3 Qh6+
58.Kg4 f5+ 59.Kf3 fxe4+ 60.Kxe4 Qxh2 61.d6+ Ne6 62.Bxe6+ Kh8 63.Qf8+ Kh7
64.Bg8+ Kh8 65.Bf7+  1-0

[Event "Uppsala Young Champions"]
[Site "Uppsala SWE"]
[Date "2018.10.27"]
[Round "3.5"]
[White "Kistrup,Nicolai"]
[Black "Storme,Isak"]
[Result "1-0"]
[WhiteElo "2120"]
[BlackElo "2276"]

1.d4 Nf6 2.c4 e6 3.Nf3 c5 4.d5 exd5 5.cxd5 d6 6.Nc3 g6 7.Bf4 Bg7 8.h3 O-O
9.e3 Qe7 10.Nd2 Nh5 11.Bh2 f5 12.Be2 f4 13.Bxh5 fxe3 14.Be2 Rxf2 15.Nf3 Bxh3
16.gxh3 Rxf3 17.Bxf3 Qh4+ 18.Ke2 Qf2+ 19.Kd3 c4+ 20.Kxc4 Qxb2 21.Qb3 b5+
22.Nxb5 Qf6 23.Qxe3 Qh4+ 24.Qe4 Qd8 25.Qe6+ Kh8 26.Qxd6 Qa5 27.Qb4 Qb6 28.Qc5 Qd8
29.Nd6 Qh4+ 30.Kd3 Na6 31.Qe3 Qb4 32.Be5 Rb8 33.Bxg7+ Kxg7 34.Qd4+  1-0

[Event "World Youth Open U18 2018"]
[Site "Porto Carras GRE"]
[Date "2018.10.28"]
[Round "9.11"]
[White "Livaic,Leon"]
[Black "Ahmadzada,Ahmad"]
[Result "1/2-1/2"]
[WhiteElo "2481"]
[BlackElo "2343"]

1.d4 Nf6 2.c4 e6 3.Nf3 c5 4.d5 exd5 5.cxd5 d6 6.Nc3 g6 7.e4 Bg7 8.Bg5 O-O
9.Nd2 Re8 10.Be2 Nbd7 11.O-O h6 12.Bh4 g5 13.Bg3 Ne5 14.f4 Ng6 15.fxg5 hxg5
16.Qc2 Ne5 17.Bxe5 Rxe5 18.Rf2 Ng4 19.Bxg4 Bxg4 20.Nc4 Re7 21.Ne3 Bh5 22.Nf5 Bd4
23.Nxd4 cxd4 24.Ne2 Bg6 25.Ng3 Re5 26.Raf1 Qe7 27.Rf6 Re8 28.Qd2 Kg7 29.R6f2 Kg8
30.Rf6 Kg7 31.R6f2 Kg8 32.Qxd4 Bxe4 33.Nxe4 Rxe4 34.Qxa7 Re1 35.Qd4 Rxf1+
36.Rxf1 Qe3+ 37.Qxe3 Rxe3 38.Rf3 Re7 39.Rg3 f6 40.h4 Kf7 41.hxg5 fxg5 42.Rxg5 Re1+
43.Kh2 Re2 44.b3 Rxa2 45.Rg4 Kf6 46.Rb4 Ke5 47.Rb5 Rd2 48.Kg3 Ke4 49.Rxb7 Rxd5
50.Re7+ Kd4 51.Kf4 Rb5 52.Re4+ Kc3 53.Re3+ Kd2 54.g4 d5 55.Rh3 Rb4+ 56.Kf5 d4
57.g5 d3 58.g6 Rb5+ 59.Ke4 Rb4+ 60.Kf5 Rb5+ 61.Kf6 Rb6+ 62.Kg5 Rb5+ 63.Kh6 Rxb3
64.g7 Rb8 65.Kh7 Rb7 66.Kh8  1/2-1/2

[Event "World Youth Open U14 2018"]
[Site "Porto Carras GRE"]
[Date "2018.10.28"]
[Round "9.17"]
[White "Pogosyan,Stefan"]
[Black "Torngren,Gustav"]
[Result "1-0"]
[WhiteElo "2373"]
[BlackElo "2107"]

1.d4 Nf6 2.c4 c5 3.d5 e6 4.Nf3 exd5 5.cxd5 d6 6.Nc3 g6 7.e4 Bg7 8.Bd3 O-O
9.h3 Re8 10.O-O Na6 11.Bf4 Nc7 12.a4 b6 13.Nd2 Rb8 14.Nc4 Bf8 15.Re1 a6 16.Qf3 Nh5
17.e5 Nxf4 18.Qxf4 Bb7 19.Nxd6 Bxd6 20.exd6 Rxe1+ 21.Rxe1 Nxd5 22.Nxd5 Bxd5
23.Bxa6 Bc6 24.Bc4 Rb7 25.b3 Rd7 26.Rd1 Qa8 27.f3 Qf8 28.Qe5 Qg7 29.Qe8+ Qf8
30.Bxf7+ Kg7 31.Qxf8+ Kxf8 32.Be6 Rd8 33.Kf2 Kg7 34.d7  1-0

[Event "World Youth Girl U18 2018"]
[Site "Porto Carras GRE"]
[Date "2018.10.29"]
[Round "10.18"]
[White "Nguyen,Hong Ngoc"]
[Black "Hng,Mei-En Emmanuelle"]
[Result "1/2-1/2"]
[WhiteElo "1861"]
[BlackElo "2020"]

1.d4 Nf6 2.Nf3 c5 3.d5 e6 4.c4 exd5 5.cxd5 d6 6.Nc3 g6 7.e4 Bg7 8.Bd3 O-O
9.O-O Bg4 10.h3 Bxf3 11.Qxf3 Nbd7 12.Bf4 Ne8 13.Qe2 Ne5 14.Bc2 Nc7 15.Be3 b5
16.Nxb5 Nxb5 17.Qxb5 Rb8 18.Qa4 Rb4 19.Qxa7 Nc4 20.Rae1 Rxb2 21.Bb3 Nxe3
22.Rxe3 Bd4 23.Rf3 Re2 24.Qa6 Rxe4 25.Bc4 Qh4 26.Bd3 Rf4 27.Rxf4 Qxf4 28.Qb5 h5
29.Qb1 Ra8 30.Qc2 Rb8 31.Rb1 Rxb1+ 32.Qxb1 Qxf2+ 33.Kh1 Qf4 34.Qf1 Qg3 35.Qf3 Qe1+
36.Qf1 Qh4 37.a4 Be5 38.a5 Qg3 39.Kg1 Qh2+ 40.Kf2 Qg3+ 41.Kg1 Qh2+ 42.Kf2 Bd4+
43.Ke2 Qe5+ 44.Kd1 Qe8 45.Bb5 Qe3 46.Qd3 Qg1+ 47.Qf1 Qe3 48.Qd3 Qg1+ 49.Qf1 Qe3
50.Qd3 Qg1+ 51.Qf1  1/2-1/2

[Event "12th Figueira da Foz Open"]
[Site "Figueira da Foz POR"]
[Date "2018.10.30"]
[Round "3.7"]
[White "Fernandes,Miguel A. Murtinho"]
[Black "Veiga,Jose Francisco R P Neves"]
[Result "1/2-1/2"]
[WhiteElo "2048"]
[BlackElo "2272"]

1.d4 Nf6 2.c4 c5 3.d5 e6 4.Nc3 exd5 5.cxd5 d6 6.Nf3 g6 7.Nd2 Nbd7 8.e4 Bg7
9.Be2 O-O 10.O-O Re8 11.Qc2 Ne5 12.a4 Bg4 13.f3 Bc8 14.Nd1 Nh5 15.Ne3 Qg5
16.Ra3 Nf4 17.Re1 h5 18.Kh1 h4 19.Ndc4 Nxc4 20.Bxc4 f5 21.Bf1 fxe4 22.Nc4 Be5
23.Nxe5 Rxe5 24.Rxe4 Bf5 25.Bxf4 Qxf4 26.Rxf4 Bxc2 27.Kg1 Kg7 28.Rc3 Bf5
29.Rxh4 Rxd5 30.Re3 g5 31.Rc4 Rd2 32.f4 g4 33.Rcc3 Rxb2 34.Bd3 Bxd3 35.Rcxd3 Rd8
36.Rd5 Rb4 37.Rg5+ Kf6 38.Rxg4 d5 39.Re5 Rxf4 40.Rxd5 Rxg4 41.Rxd8 Rxa4 42.Rc8 c4
43.h4 b5 44.Rc6+ Ke7 45.Kf2 Kd7 46.Rc5 a6 47.h5 Ra1 48.g4 Kd6 49.Rc8 Ke5
50.g5 Rh1 51.g6 Kf6 52.Rc6+ Kg7 53.Rc7+ Kg8 54.Rc8+ Kg7 55.Rc7+ Kh8 56.Rc8+ Kg7  1/2-1/2

[Event "ch-UKR Semi-Final 2018"]
[Site "Omelnyk UKR"]
[Date "2018.10.30"]
[Round "5.5"]
[White "Galperin,Platon"]
[Black "Grinev,V"]
[Result "1/2-1/2"]
[WhiteElo "2334"]
[BlackElo "2414"]

1.d4 Nf6 2.c4 c5 3.d5 e6 4.Nc3 exd5 5.cxd5 d6 6.Nf3 g6 7.g3 Bg7 8.Bg2 O-O
9.O-O a6 10.a4 Nbd7 11.Bf4 Qe7 12.e4 Ng4 13.Nd2 Nge5 14.Qe2 g5 15.Be3 g4
16.Bf4 Rb8 17.Qe3 b5 18.axb5 axb5 19.Bg5 f6 20.Bh6 Bxh6 21.Qxh6 Nd3 22.Ra7 Qe5
23.Rb1 Qg5 24.Qxg5+ fxg5 25.Nd1 N7e5 26.b3 Rf7 27.Rba1 Rxa7 28.Rxa7 c4 29.Bf1 Nc5
30.bxc4 bxc4 31.Bxc4 Nxc4 32.Nxc4 Rb1 33.Ra8 Rxd1+ 34.Kg2 Nxe4 35.Rxc8+ Kf7
36.Rc7+ Kg6 37.Re7  1/2-1/2